00898nam a2200265Ia 4500999001500000001000900015003000600024005001700030008004100047020001500088035001500103040002000118082001700138090001800155100002800173245012300201250001700324260003700341300002700378490002300405630003900428700001900467942001200486952013400498 c7289d728918695897OCoLC20190205153229.0881101s1978 ilub 000 0 eng d a0891910875 a.b10600073 aMZNcMZNdOCoLC a224.1bR514L aBS1515.5b.R51 aRichards, Larry,d1931-10aLift high the torch :bthe Gospel in the Old Testament studies in Isaiah /cLarry Richards ; [edited by Sharrel Keyes] aStudent's ed aElgin, Ill. :bD.C. Cook,cc1978 a192 p. :bmap ;c22 cm0 aBible alive series00aBible.pIsaiahxStudy and teaching1 aKeyes, Sharrel 2ddccBK 00102ddc40708NFICaHMCbHMCcGENd2019-02-05g950.00l1o224.1 R514Lp008284r2025-03-31 07:47:31s2024-11-25w2019-02-05yBK